Toty EAFC 25 - Statistiken

Allgemein
  • Dieses Quiz wurde 79 mal gespielt
  • Das Durchschnittsergebnis liegt bei 15 aus 24
Antwortstatistiken
Nationalität Bewertung Spieler % Korrekt
Frankreich 96 Kylian Mbappe
96%
Brasilien 97 Vinicius Junior
87%
Argentinien 94 Emiliano Martinez
85%
Ägypten 96 Mohamed Salah
85%
Portugal 95 Cristiano Ronaldo
84%
England 97 Jude Bellingham
84%
Spanien 97 Rodri
81%
Niederlande 96 Virgil Van Dijk
81%
England 95 Cole Palmer
67%
Frankreich 95 William Saliba
67%
Spanien 97 Aitana Bonmati
64%
Spanien 94 Alejandro Grimaldo
64%
Spanien 96 Alexia Putellas
63%
Spanien 95 Dani Carvajal
63%
USA 97 Sophia Smith
54%
Deutschland 94 Ann-Katrin Berger
52%
Norwegen 97 Caroline Graham Hansen
49%
Norwegen 96 Guro Reiten
45%
Jamaika 95 Khadija Shaw
43%
England 94 Lucy Bronze
43%
Frankreich 95 Wendie Renard
43%
England 96 Lauren James
39%
Spanien 94 Irene Paredes
36%
Frankreich 95 Sakina Karchaoui
36%
Keine übereinstimmenden Quizze gefunden
Verteilung der Resultate
Anzahl Personen mit jedem Resultat
Perzentil nach korrekt beantworteten Fragen
Ihre Resultats-Entwicklung
Sie haben dieses Quiz noch nicht gespielt